| 000 | 00000nam##2200000za#4500 |
| 001 | 9.647382 |
| 003 | CaOODSP |
| 005 | 20200330130029 |
| 007 | ta |
| 008 | 150407|1999||||xxc||||| f|0| 0 eng|d |
| 020 | |a0-662-27959-X |
| 040 | |aCaOODSP|beng |
| 043 | |an-cn--- |
| 086 | 1 |aH49-122/1999E |
| 110 | 1 |aCanada.|bHealth Canada. |bHealth Protection Branch. |
| 245 | 12|aA selected, annotated bibliography of child maltreatment reporting by education professionals / |cby Valérie Gaston and Janis Sutherland. Issued by the Child Maltreatment Division, Bureau of Reproductive and Child Health. |
| 260 | |aOttawa - Ontario : |bHealth Canada. |c1999. |
| 300 | |av, 17p. ; |c28 cm. |
| 563 | |aSoftcover |
| 590 | |a99-33|b1999-08-20 |
| 690 | 07|aViolence against children|2gcpds |
| 720 | 1 |aGaston, Valérie |
| 720 | 1 |aSutherland, Janis |
| 775 | 08|tBibliographie sélective et annotée sur le signalement par des professionnels de l'éducation de la maltraitance envers les enfants / |w(CaOODSP)9.680807 |
| 776 | 0#|tA selected, annotated bibliography of child maltreatment reporting by education professionals / |w(CaOODSP)9.695416 |